<?xml version="1.0" encoding="UTF-8"?>
<record
    xmlns:xsi="http://www.w3.org/2001/XMLSchema-instance"
    xsi:schemaLocation="http://www.loc.gov/MARC21/slim http://www.loc.gov/standards/marcxml/schema/MARC21slim.xsd"
    xmlns="http://www.loc.gov/MARC21/slim">

  <leader>02461cam a22004694a 4500</leader>
  <controlfield tag="001">16135139</controlfield>
  <controlfield tag="003">OSt</controlfield>
  <controlfield tag="005">20150408114101.0</controlfield>
  <controlfield tag="008">100310s2010    enkaf    f    001 0 eng  </controlfield>
  <datafield tag="010" ind1=" " ind2=" ">
    <subfield code="a">  2010010194</subfield>
  </datafield>
  <datafield tag="015" ind1=" " ind2=" ">
    <subfield code="a">GBA9B0756</subfield>
    <subfield code="2">bnb</subfield>
  </datafield>
  <datafield tag="016" ind1="7" ind2=" ">
    <subfield code="a">101526182</subfield>
    <subfield code="2">DNLM</subfield>
  </datafield>
  <datafield tag="016" ind1="7" ind2=" ">
    <subfield code="a">015421073</subfield>
    <subfield code="2">Uk</subfield>
  </datafield>
  <datafield tag="020" ind1=" " ind2=" ">
    <subfield code="a">9780199230921 (alk. paper)</subfield>
  </datafield>
  <datafield tag="020" ind1=" " ind2=" ">
    <subfield code="a">0199230927 (alk. paper)</subfield>
  </datafield>
  <datafield tag="035" ind1=" " ind2=" ">
    <subfield code="a">(OCoLC)ocn467748369</subfield>
  </datafield>
  <datafield tag="040" ind1=" " ind2=" ">
    <subfield code="a">Ma-Un </subfield>
  </datafield>
  <datafield tag="042" ind1=" " ind2=" ">
    <subfield code="a">pcc</subfield>
  </datafield>
  <datafield tag="050" ind1="0" ind2="0">
    <subfield code="a">RC86.8</subfield>
    <subfield code="b">.R35 2010</subfield>
  </datafield>
  <datafield tag="060" ind1="1" ind2="0">
    <subfield code="a">WB 39</subfield>
    <subfield code="b">R177o 2010</subfield>
  </datafield>
  <datafield tag="082" ind1="0" ind2="0">
    <subfield code="a">616.025</subfield>
    <subfield code="2">22</subfield>
  </datafield>
  <datafield tag="100" ind1="1" ind2=" ">
    <subfield code="a">Ramrakha, Punit S.</subfield>
    <subfield code="9">17657</subfield>
  </datafield>
  <datafield tag="245" ind1="1" ind2="0">
    <subfield code="a">Oxford handbook of acute medicine /</subfield>
    <subfield code="c">Punit S. Ramrakha, Kevin P. Moore, Amir Sam.</subfield>
  </datafield>
  <datafield tag="246" ind1="1" ind2="3">
    <subfield code="a">Handbook of acute medicine</subfield>
  </datafield>
  <datafield tag="250" ind1=" " ind2=" ">
    <subfield code="a">3rd ed.</subfield>
  </datafield>
  <datafield tag="260" ind1=" " ind2=" ">
    <subfield code="a">Oxford ;</subfield>
    <subfield code="a">New York :</subfield>
    <subfield code="b">Oxford University Press,</subfield>
    <subfield code="c">2010.</subfield>
  </datafield>
  <datafield tag="300" ind1=" " ind2=" ">
    <subfield code="a">xxxvii, 869 p., [4] p. of plates :</subfield>
    <subfield code="b">ill. (some col.) ;</subfield>
    <subfield code="c">19 cm.</subfield>
  </datafield>
  <datafield tag="490" ind1="1" ind2=" ">
    <subfield code="a">Oxford handbooks</subfield>
  </datafield>
  <datafield tag="490" ind1="1" ind2=" ">
    <subfield code="a">Oxford medical publications</subfield>
  </datafield>
  <datafield tag="500" ind1=" " ind2=" ">
    <subfield code="a">Includes index.</subfield>
  </datafield>
  <datafield tag="520" ind1=" " ind2=" ">
    <subfield code="a">"The best-selling Oxford Handbook of Acute Medicine is an up-to-date, practical and comprehensive guide to the management of the acutely ill patient.This third edition has been revised throughout to include the most up-to-date guidelines and treatment management plans. A new junior author ensures that the content remains relevant and accessible to all medics approaching acute medicine for the first time. This edition includes a new chapter which focuses on common presentations, and quick reference boxes throughout highlight top priorities in the management of each condition. The section on practical procedures has also been expanded to include core competencies for the Foundation Programme.With brand new figures and clinical tips from the experienced authors, the third edition of the Oxford Handbook of Acute Medicine remains the must-have resource for all those dealing with acute illness"--Provided by publisher.</subfield>
  </datafield>
  <datafield tag="650" ind1=" " ind2="0">
    <subfield code="a">Medical emergencies</subfield>
    <subfield code="v">Handbooks, manuals, etc.</subfield>
  </datafield>
  <datafield tag="650" ind1="1" ind2="2">
    <subfield code="a">Emergencies</subfield>
    <subfield code="v">Handbooks.</subfield>
  </datafield>
  <datafield tag="650" ind1="2" ind2="2">
    <subfield code="a">Critical Care</subfield>
    <subfield code="x">methods</subfield>
    <subfield code="v">Handbooks.</subfield>
    <subfield code="9">17658</subfield>
  </datafield>
  <datafield tag="650" ind1="2" ind2="2">
    <subfield code="a">Emergency Medicine</subfield>
    <subfield code="v">Handbooks.</subfield>
  </datafield>
  <datafield tag="700" ind1="1" ind2=" ">
    <subfield code="a">Moore, Kevin P.</subfield>
    <subfield code="9">17659</subfield>
  </datafield>
  <datafield tag="700" ind1="1" ind2=" ">
    <subfield code="a">Sam, Amir H.</subfield>
    <subfield code="9">17660</subfield>
  </datafield>
  <datafield tag="830" ind1=" " ind2="0">
    <subfield code="a">Oxford handbooks.</subfield>
  </datafield>
  <datafield tag="830" ind1=" " ind2="0">
    <subfield code="a">Oxford medical publications.</subfield>
    <subfield code="9">17607</subfield>
  </datafield>
  <datafield tag="942" ind1=" " ind2=" ">
    <subfield code="2">ddc</subfield>
    <subfield code="c">BOOK</subfield>
  </datafield>
  <datafield tag="999" ind1=" " ind2=" ">
    <subfield code="c">26154</subfield>
    <subfield code="d">260654</subfield>
  </datafield>
  <datafield tag="952" ind1=" " ind2=" ">
    <subfield code="1">0</subfield>
    <subfield code="2">2013-03-10</subfield>
    <subfield code="4">0</subfield>
    <subfield code="7">0</subfield>
    <subfield code="a">616.025 RPO</subfield>
    <subfield code="c">1</subfield>
    <subfield code="d">2012-10-23</subfield>
    <subfield code="h">CL</subfield>
    <subfield code="i">00450027</subfield>
    <subfield code="m">CL</subfield>
    <subfield code="o">1</subfield>
    <subfield code="q">2014-09-09</subfield>
    <subfield code="r">2016-10-19 00:00:00</subfield>
    <subfield code="t">BOOK</subfield>
    <subfield code="w">ddc</subfield>
    <subfield code="y">1</subfield>
  </datafield>
  <datafield tag="952" ind1=" " ind2=" ">
    <subfield code="1">0</subfield>
    <subfield code="2">2013-03-10</subfield>
    <subfield code="4">0</subfield>
    <subfield code="7">0</subfield>
    <subfield code="a">616.025 RPO</subfield>
    <subfield code="c">2</subfield>
    <subfield code="d">2012-10-23</subfield>
    <subfield code="h">CL</subfield>
    <subfield code="i">00450029</subfield>
    <subfield code="m">CL</subfield>
    <subfield code="q">2017-02-09</subfield>
    <subfield code="r">2018-07-12 00:00:00</subfield>
    <subfield code="t">BOOK</subfield>
    <subfield code="w">ddc</subfield>
    <subfield code="y">6</subfield>
  </datafield>
  <datafield tag="952" ind1=" " ind2=" ">
    <subfield code="1">0</subfield>
    <subfield code="2">2013-03-10</subfield>
    <subfield code="4">0</subfield>
    <subfield code="7">0</subfield>
    <subfield code="a">616.025 RPO</subfield>
    <subfield code="c">3</subfield>
    <subfield code="d">2012-10-23</subfield>
    <subfield code="h">CL</subfield>
    <subfield code="i">00450028</subfield>
    <subfield code="m">CL</subfield>
    <subfield code="o">3</subfield>
    <subfield code="q">2025-04-17</subfield>
    <subfield code="r">2025-04-17 00:00:00</subfield>
    <subfield code="t">BOOK</subfield>
    <subfield code="w">ddc</subfield>
    <subfield code="y">5</subfield>
  </datafield>
  <datafield tag="952" ind1=" " ind2=" ">
    <subfield code="1">0</subfield>
    <subfield code="2">2013-11-02</subfield>
    <subfield code="4">0</subfield>
    <subfield code="7">0</subfield>
    <subfield code="a">616.025 RPO</subfield>
    <subfield code="d">2013-11-02</subfield>
    <subfield code="h">AMF</subfield>
    <subfield code="i">00403728</subfield>
    <subfield code="m">AMF</subfield>
    <subfield code="r">2013-11-02 00:00:00</subfield>
    <subfield code="t">BOOK</subfield>
    <subfield code="w">ddc</subfield>
    <subfield code="y">0</subfield>
  </datafield>
  <datafield tag="952" ind1=" " ind2=" ">
    <subfield code="1">0</subfield>
    <subfield code="2">2013-11-02</subfield>
    <subfield code="4">0</subfield>
    <subfield code="7">0</subfield>
    <subfield code="a">616.025 RPO</subfield>
    <subfield code="d">2013-11-02</subfield>
    <subfield code="h">AMF</subfield>
    <subfield code="i">00403729</subfield>
    <subfield code="m">AMF</subfield>
    <subfield code="r">2013-11-02 00:00:00</subfield>
    <subfield code="t">BOOK</subfield>
    <subfield code="w">ddc</subfield>
    <subfield code="y">0</subfield>
  </datafield>
  <datafield tag="952" ind1=" " ind2=" ">
    <subfield code="1">0</subfield>
    <subfield code="2">2013-11-02</subfield>
    <subfield code="4">0</subfield>
    <subfield code="7">0</subfield>
    <subfield code="a">616.025 RPO</subfield>
    <subfield code="d">2013-11-02</subfield>
    <subfield code="h">AMF</subfield>
    <subfield code="i">00403730</subfield>
    <subfield code="m">AMF</subfield>
    <subfield code="r">2013-11-02 00:00:00</subfield>
    <subfield code="t">BOOK</subfield>
    <subfield code="w">ddc</subfield>
    <subfield code="y">0</subfield>
  </datafield>
  <datafield tag="952" ind1=" " ind2=" ">
    <subfield code="1">0</subfield>
    <subfield code="2">2013-11-02</subfield>
    <subfield code="4">0</subfield>
    <subfield code="7">0</subfield>
    <subfield code="a">616.025 RPO</subfield>
    <subfield code="d">2013-11-02</subfield>
    <subfield code="h">SZM</subfield>
    <subfield code="i">00403731</subfield>
    <subfield code="m">SZM</subfield>
    <subfield code="r">2013-11-02 00:00:00</subfield>
    <subfield code="t">BOOK</subfield>
    <subfield code="w">ddc</subfield>
    <subfield code="y">0</subfield>
  </datafield>
  <datafield tag="952" ind1=" " ind2=" ">
    <subfield code="1">0</subfield>
    <subfield code="2">2013-11-02</subfield>
    <subfield code="4">0</subfield>
    <subfield code="7">0</subfield>
    <subfield code="a">616.025 RPO</subfield>
    <subfield code="d">2013-11-02</subfield>
    <subfield code="h">SZM</subfield>
    <subfield code="i">00403732</subfield>
    <subfield code="m">SZM</subfield>
    <subfield code="r">2013-11-02 00:00:00</subfield>
    <subfield code="t">BOOK</subfield>
    <subfield code="w">ddc</subfield>
    <subfield code="y">0</subfield>
  </datafield>
</record>
